| 000 | 00853nam a22002297a 4500 | ||
|---|---|---|---|
| 003 | BUBTL | ||
| 008 | 230809b ||||| |||| 00| 0 eng d | ||
| 041 | _aben | ||
| 082 | _a343.4071/ R1293l/ 2021 | ||
| 100 |
_94536 _aরহমান, মোঃ মিজানুর |
||
| 245 |
_aLaw of Consumer Rights Protection / _cমোঃ মিজানুর রহমান |
||
| 246 | _aভোক্তা-অধিকার সংরক্ষণ আইন | ||
| 250 | _a6th ed. | ||
| 260 |
_aDhaka: _bSufi Prokashoni, _cc2021 |
||
| 300 |
_aviii, 261 p. _c22 cm. |
||
| 505 | _aLaw of Consumer Rights Protection, Consumer Rights, ভোক্তা-অধিকার সংরক্ষণ আইন, Law | ||
| 526 | _aLaw | ||
| 650 | 0 |
_926 _aLaw |
|
| 856 |
_k0 _l0 _yDownload |
||
| 942 |
_2ddc _cBK |
||
| 999 |
_c7074 _d7074 |
||